| 000 | 00958nac a22002171u 4500 | ||
|---|---|---|---|
| 010 | _a 78074100 | ||
| 020 | _a0872016730 | ||
| 082 | 0 | 0 |
_a665.5303 _bL5316 |
| 090 |
_c3981 _d3981 |
||
| 100 | _a20080729 | ||
| 245 | 0 | 0 |
_aPetroleum refining and petrochemistry four-language dictionary : _bEnglish, German, French, Russian, containing approximately 6000 technical terms / _cedited by Walter Leipnitz ; [authors, Rudolf Sowada ... et al]. |
| 260 |
_aHouston : _bGulf Pub. Co.,1976 _c1976. |
||
| 300 |
_a268 p. (p. 268 blank for "Notes") ; _c25 cm. |
||
| 650 | 0 |
_aPetroleum _xRefining _xDictionaries _xPolyglot. |
|
| 650 | 0 |
_aPetroleum chemicals _xDictionaries _xPolyglot. |
|
| 650 | 0 | _aDictionaries, Polyglot. | |
| 700 | 1 | _aLeipnitz, Walter. | |
| 700 | 1 | _aSowada, Rudolf. | |
| 942 |
_cNB _k665.5303L5316 |
||
| 999 |
_c3981 _d3981 |
||